000 00383nam a2200145Ia 4500
008 230917s9999||||xx |||||||||||||| ||und||
040 _e14224
_aMAIN
041 _aEnglish
082 _a330.122 G723C
100 _aGoudzwaard, Bob
245 0 _aCapitalism and progress: A diagnosis of western society
260 _aToronto
_bWeldge
_c1979
300 _axxvii, 270 p.
942 _cBK
999 _c221727
_d221727